000 00333nam a2200133Ia 4500
003 GCL
008 140319s9999 xx 000 0 ara d
040 _aGCL /
_cGCL
082 0 4 _a921.1
_bا ر
100 1 _aامين الخولى
245 1 0 _aراى فى ابى العلاء /
_cامين الخولى
300 _a185 ص
490 _a
999 _c41057
_d41057